| 000 | 00902nam a2200229Ia 4500 | ||
|---|---|---|---|
| 001 | 603 | ||
| 003 | GE_BSU | ||
| 008 | 181216s||||||||xx |||||||||||||| ||und|| | ||
| 020 | _a978994131172 | ||
| 040 | _cGE_BSU | ||
| 080 | _a070(075.8) | ||
| 100 | _aიბერი ელდარ, მჟავანაძე თეა, ტალახაძე, ნანა | ||
| 245 | _aსაქართველოს რადიოს ისტორია. | ||
| 245 | _cივანე ჯავახიშვილის სახ. თბილისის სახ.უნ–ტ და პოლიტ.მეცნ. ფაკ–ტი | ||
| 260 | _aთბილისი | ||
| 260 | _bთბილისი უნ–ტი | ||
| 260 | _c2009 | ||
| 300 | _a396 გვ. | ||
| 541 | _h15 ლ. | ||
| 653 | _aსაქართველოს რადიოს ისტორია; | ||
| 942 | _cBK | ||
| 999 |
_c34793 _d34793 |
||